Spectrometric identification of organic compounds (Record no. 2731)

000 -LEADER
fixed length control field 00860nam a2200253 a 4500
001 - CONTROL NUMBER
control field 2731
003 - CONTROL NUMBER IDENTIFIER
control field BD-DhUET
008 - FIXED-LENGTH DATA ELEMENTS--GENERAL INFORMATION
fixed length control field 050124s2005 njua 001 0 eng
020 ## - INTERNATIONAL STANDARD BOOK NUMBER
International Standard Book Number 9780471393627
040 ## - CATALOGING SOURCE
Original cataloging agency DLC
Transcribing agency DLC
Modifying agency BD-DhUET
082 00 - DEWEY DECIMAL CLASSIFICATION NUMBER
Classification number 547.346
Item number SIL/2005
100 1# - MAIN ENTRY--PERSONAL NAME
Personal name Silverstein, Robert M.
245 10 - TITLE STATEMENT
Title Spectrometric identification of organic compounds
Statement of responsibility, etc. by Robert M . Silverstein, Francis X . Webster and David J . Kiemle
250 ## - EDITION STATEMENT
Edition statement 7th ed.
260 ## - PUBLICATION, DISTRIBUTION, ETC. (IMPRINT)
Place of publication, distribution, etc. New Jersey
Name of publisher, distributor, etc. John Wiley & Sons
Date of publication, distribution, etc. 2005
300 ## - PHYSICAL DESCRIPTION
Extent x, 502 p.
Other physical details ill.
Dimensions 29 cm.
504 ## - BIBLIOGRAPHY, ETC. NOTE
Bibliography, etc Includes bibliographies
650 #0 - SUBJECT ADDED ENTRY--TOPICAL TERM
Topical term or geographic name as entry element Spectrum analysis
700 1# - ADDED ENTRY--PERSONAL NAME
Personal name Webster, Francis X.
700 1# - ADDED ENTRY--PERSONAL NAME
Personal name Kiemle, David J.
856 42 - ELECTRONIC LOCATION AND ACCESS
Uniform Resource Identifier http://www.loc.gov/catdir/enhancements/fy0626/2005270991-d.html
856 41 - ELECTRONIC LOCATION AND ACCESS
Uniform Resource Identifier http://www.loc.gov/catdir/enhancements/fy0626/2005270991-t.html
942 ## - ADDED ENTRY ELEMENTS (KOHA)
Koha item type General Book
Holdings
Source of classification or shelving scheme Shelving location Lost status Date acquired Piece designation (barcode) Location (home branch) Sublocation or collection (holding branch) Damaged status Withdrawn status Koha item type Koha date last seen Koha normalized classification for sorting Copy number Not for loan Price effective from Koha full call number
 Circulation section 2014-09-30106936Central Library, BUETCentral Library, BUET  General Book2014-09-30547_000000000000000_346SIL20051 2014-09-30547.346/SIL/2005
 Circulation section 2014-11-02106935Central Library, BUETCentral Library, BUET  General Book2014-11-02547_000000000000000_346SIL20052 2014-11-02547.346/SIL/2005